Nate the great and the halloween hunt
| Main Author: | |
|---|---|
| Other Authors: | |
| Format: | Book |
| Published: |
New York :
Random House Children's Book ,
1989
|
| Subjects: |
MARC
| LEADER | 00000cam a2200000 7i4500 | ||
|---|---|---|---|
| 001 | 0000181663 | ||
| 005 | 20140815.0 | ||
| 020 | |a 9780440403418 | ||
| 090 | 0 | 0 | |a JF |b SHA |
| 100 | 0 | |a Sharmat |c Marjorie Weinman | |
| 245 | 1 | 0 | |a Nate the great and the halloween hunt |c Marjorie Weinman Sharmat ; illustrated by Marc Simont |
| 260 | |a New York : |b Random House Children's Book , |c 1989 | ||
| 300 | |a 73p. ; |c 20cm. | ||
| 650 | 0 | 0 | |a Children's stories |
| 700 | 1 | |a Simont, Marc | |
| 999 | |a 00297089 |b BUKU |c PINJAMAN |e PERPUSTAKAAN KOMUNITI PETALING JAYA | ||